|
|
|
|
| LEADER |
00000nas a2200000 a 4500 |
| 001 |
ssj0000668 |
| 003 |
WaSeSS |
| 005 |
20200512172242.0 |
| 006 |
m d |
| 007 |
cr n |
| 008 |
990212c19639999cauqr pss 0 a0eng c |
| 010 |
|
|
|a sn 99023365
|
| 015 |
|
|
|a GBB3B2079
|2 bnb
|
| 016 |
7 |
|
|a 2009727-X
|2 DE-600
|
| 016 |
7 |
|
|a 016560832
|2 Uk
|
| 022 |
|
|
|a 1939-8573
|l 0038-0407
|y 0038-0407
|
| 035 |
|
|
|a (WaSeSS)ssj0000668
|
| 037 |
|
|
|b American Sociological Association, 1307 New York Avenue, NW, Suite 700, Washington, DC 20005-4701
|
| 040 |
|
|
|a EYM
|b eng
|c EYM
|d OCLCQ
|d NSD
|d OCLCQ
|d WEA
|d OCLCQ
|d DLC
|d OCLCQ
|d OCLCF
|d OCLCO
|d OCLCQ
|d OCLCE
|d OCLCO
|d OCLCQ
|d OCLCO
|d OCLCQ
|d DEBBG
|d DEFHM
|d OCLCO
|d OCLCA
|d NLE
|d U3W
|d OCLCO
|d GILDS
|d KSU
|d OCLCO
|d OCLCA
|d WYU
|d OCLCO
|d UKMGB
|d OCLCO
|d AUD
|d OCLCA
|d VT2
|d OCLCO
|d CNTRU
|d OCLCA
|d NJT
|d DLC
|d OCLCA
|d WaSeSS
|
| 042 |
|
|
|a pcc
|
| 050 |
1 |
4 |
|a L11
|
| 060 |
0 |
0 |
|a W1
|b SO879N
|
| 082 |
1 |
0 |
|a 370
|2 14
|
| 130 |
0 |
|
|a Sociology of education (Online)
|
| 210 |
0 |
|
|a Sociol. educ.
|b (Online)
|
| 222 |
|
0 |
|a Sociology of education
|b (Online)
|
| 245 |
1 |
0 |
|a Sociology of education
|h [electronic resource].
|
| 260 |
|
|
|a Albany, N.Y. :
|b American Sociological Association,
|c ©1963-
|
| 260 |
3 |
|
|3 <Apr. 2010-> :
|a Thousand Oaks, CA :
|b Sage Publishing
|
| 310 |
|
|
|a Quarterly
|
| 362 |
0 |
|
|a Vol. 37, no. 1 (fall 1963)-
|
| 500 |
|
|
|a Published: Washington, D.C., 1976-
|
| 506 |
|
|
|a License restrictions may limit access.
|
| 538 |
|
|
|a Mode of access: World Wide Web.
|
| 588 |
|
|
|a Description based on JSTOR World Wide Web homepage; title from title screen (viewed Feb. 12, 1999).
|
| 588 |
|
|
|a Latest issue consulted: Vol. 92, no. 2 (Apr. 2019) (viewed May 20, 2019).
|
| 650 |
|
0 |
|a Educational sociology
|v Periodicals.
|
| 650 |
|
6 |
|a Sociologie de l'éducation
|v Périodiques.
|
| 650 |
|
7 |
|a Educational sociology.
|2 fast
|0 (OCoLC)fst00903596
|
| 650 |
|
7 |
|a SOCIALIZATION.
|2 unbist
|
| 650 |
|
7 |
|a SOCIAL RESEARCH.
|2 unbist
|
| 650 |
|
7 |
|a SOCIAL STRUCTURE.
|2 unbist
|
| 650 |
|
7 |
|a EDUCATIONAL SOCIOLOGY.
|2 unbist
|
| 650 |
|
7 |
|a Pädagogik
|2 gnd
|
| 650 |
|
7 |
|a Soziologie
|2 gnd
|
| 650 |
|
7 |
|a Zeitschrift
|2 gnd
|
| 650 |
|
7 |
|a Online-Ressource
|2 gnd
|
| 650 |
|
2 |
|a Education.
|
| 650 |
|
2 |
|a Sociology.
|
| 655 |
|
0 |
|a Electronic journals.
|
| 710 |
2 |
|
|a American Sociological Association.
|
| 776 |
1 |
|
|t Sociology of education
|x 0038-0407
|w (DLC) 30008323
|w (OCoLC)1765952
|
| 780 |
0 |
0 |
|t Journal of educational sociology (Online)
|x 2326-4055
|w (DLC)sn 99023364
|w (OCoLC)40777429
|
| 856 |
4 |
0 |
|z Full text available from Research Library: 01/01/1994 to 04/30/2013
|u https://search.proquest.com/publication/42194
|